|
|
|
|
| LEADER |
00000cam a2200000 7i4500 |
| 001 |
0000002953 |
| 005 |
20151222.0 |
| 008 |
070717 |
| 020 |
|
|
|a 9833258670
|
| 090 |
0 |
0 |
|a JF
|b ENG
|
| 245 |
1 |
0 |
|a Bedtime tales
|
| 260 |
|
|
|a Selangor :
|b Early Learner Publications ,
|c 2004
|
| 440 |
|
|
|a My most loved
|
| 500 |
|
|
|a Children ages 10-12 years old (pink)
|
| 650 |
|
0 |
|a Children's stories,English
|
| 999 |
|
|
|a 0000963020
|b Book
|c Children Collection
|e Cawangan Bandar Penawar
|
| 999 |
|
|
|a 0000963021
|b Book
|c Children Collection
|e Perbadanan Perpustakaan Awam Johor
|
| 999 |
|
|
|a 0000963022
|b Book
|c Children Collection
|e Cawangan Taman Universiti
|
| 999 |
|
|
|a 0000963023
|b Book
|c Children Collection
|e Cawangan Urban Transformation Centre
|
| 999 |
|
|
|a 0001050104
|b Book
|c Children Collection
|e Cawangan Bukit Gambir
|